| 000 | 00902nam a2200277 i 4500 | ||
|---|---|---|---|
| 001 | 88695 | ||
| 003 | ES-MaACL | ||
| 005 | 20240314063027.0 | ||
| 007 | t| | ||
| 008 | 050105s1984 sp ||||1| spa d | ||
| 017 |
_aB 34972-1984 _bOficina Depósito Legal Barcelona |
||
| 020 | _a8474860377 | ||
| 040 | _cES-MaACL | ||
| 080 | _a681.31 Sinclair | ||
| 100 | 1 |
_aLangdell, Tim. _970010 _eaut |
|
| 245 | 1 | 0 |
_aZX Spectrum : _bqué es, para qué sirve y cómo se usa / _cDr. Tim Langdell ; traducción del inglés de Ramón Rovira |
| 250 | _a3ª ed. | ||
| 260 |
_aBarcelona : _bNoray, _c1984. |
||
| 300 |
_a212 páginas ; _c22 cm. |
||
| 650 | 7 |
_9235544 _aSinclair ZX Spectrum (Ordenador) |
|
| 700 | 1 |
_aRovira, Ramon, _9226462 _d1959- _etrl |
|
| 852 |
_aES-MaACL _jL-11020 _bR.108558 _991939 |
||
| 942 |
_cMONOGRAFIA _n0 |
||
| 999 |
_c88695 _d88695 |
||